000 00539nam a22001457a 4500
003 OSt
005 20150910163705.0
008 150910b xxu||||| |||| 00| 0 eng d
040 _cRUA
100 _9274
_aអ៊ុច សុធី
245 _a THE PROJECT OF TREES FRUIT STATION IN SEAMREAP,គម្រោងបង្កើតស្ថានីយ៍ពិសោធន៍ឈ់ហូបផ្លែនៅក្នុងខេត្តសៀមរាប
260 _aPHNOMPHEN
_bRUA
_c1995
300 _a64P.
_bILL.
_c29CM.
942 _2ddc
_cAGR
999 _c254
_d254